[Event "C.to Provinciale MB"]
[Site "Barlassina ITA"]
[Date "2013.02.??"]
[Round "4"]
[White "Burani, Eugenio"]
[Black "Greco, Umberto"]
[WhiteElo "1860"]
[BlackElo "1702"]
[Result "1-0"]
[PlyCount "51"]
[EventDate "2013.02.01"]

1. e4 d6 2. d4 Nf6 3. Nc3 g6 4. Bc4 Bg7 5. Qe2 O-O 6. e5 Nfd7 7. e6 fxe6 8.
Bxe6+ Kh8 9. Nf3 Nf6 10. Ng5 Qe8 11. Bxc8 Qxc8 12. Ne6 Re8 13. O-O c6 14. Bd2
Nbd7 15. Rae1 Nf8 16. Nxg7 Kxg7 17. Ne4 Qf5 18. Ng3 Qd5 19. c4 Qxd4 20. Bc3 Qf4
21. Ne4 N8d7 22. g3 Qf5 23. f4 Qh3 24. Ng5 Qf5 25. Kg2 Rac8 26. g4 1-0

[Event "C.to Provinciale MB"]
[Site "Barlassina ITA"]
[Date "2013.02.??"]
[Round "4"]
[White "Capata, Ion"]
[Black "Moroni, Luca jr"]
[WhiteElo "2136"]
[BlackElo "2169"]
[Result "0-1"]
[PlyCount "36"]
[EventDate "2013.02.01"]

1. d4 d5 2. Nf3 Nf6 3. h3 c5 4. c3 Nc6 5. dxc5 a5 6. Bf4 Ne4 7. Na3 e5 8. Bxe5
Bxc5 9. Bd4 Nxd4 10. Nxd4 Qf6 11. Qa4+ Bd7 12. Nab5 Qxf2+ 13. Kd1 Bxd4 14. cxd4
Qe3 15. Nc7+ Kd8 16. Qc2 Rc8 17. Rc1 Qxd4+ 18. Ke1 Qb4+ 0-1

[Event "C.to Provinciale MB"]
[Site "Barlassina ITA"]
[Date "2013.02.??"]
[Round "4"]
[White "Cavalieri, Riccardo"]
[Black "Monticelli, Francesco"]
[WhiteElo "1694"]
[BlackElo "1738"]
[Result "0-1"]
[PlyCount "60"]
[EventDate "2013.02.01"]

1. e4 c6 2. d4 d5 3. Nc3 dxe4 4. Nxe4 Bf5 5. Ng3 Bg6 6. Nf3 Nd7 7. Bd3 Bxd3 8.
Qxd3 e6 9. O-O Ngf6 10. Re1 Bd6 11. Ne5 Qc7 12. Nxd7 Nxd7 13. c4 Bxg3 14. Qxg3
Qxg3 15. hxg3 O-O-O 16. Be3 h5 17. b4 a6 18. Bf4 Nb6 19. c5 Nd5 20. Bd6 Nxb4
21. Re2 Nd5 22. Rb2 h4 23. Rb3 hxg3 24. Rxg3 Rh7 25. Rh3 Rxh3 26. gxh3 Rh8 27.
Kg2 Rh4 28. Rd1 Nc3 29. Rd2 Ne4 30. Rd3 Nxd6 0-1

[Event "C.to Provinciale MB"]
[Site "Barlassina ITA"]
[Date "2013.02.??"]
[Round "4"]
[White "Conta, Diego"]
[Black "Megna, Giuseppe"]
[WhiteElo "1678"]
[BlackElo "1862"]
[Result "0-1"]
[PlyCount "40"]
[EventDate "2013.02.01"]

1. e4 e6 2. d4 d5 3. exd5 exd5 4. Nf3 Bd6 5. Bg5 f6 6. Bh4 Ne7 7. Bd3 O-O 8.
O-O Bg4 9. Nbd2 Nf5 10. h3 Nxh4 11. hxg4 f5 12. gxf5 Nxf5 13. c3 Nd7 14. Qc2
Nh4 15. Bxh7+ Kh8 16. Nh2 Qg5 17. g3 Bxg3 18. Kh1 Rxf2 19. Rxf2 Bxf2 20. Ndf3
Qg2# 0-1

[Event "C.to Provinciale MB"]
[Site "Barlassina ITA"]
[Date "2013.02.??"]
[Round "4"]
[White "Falchi, Claudio"]
[Black "Montilli, Vincenzo"]
[WhiteElo "1874"]
[BlackElo "1971"]
[Result "0-1"]
[PlyCount "70"]
[EventDate "2013.02.01"]

1. e4 c5 2. Nc3 Nc6 3. g3 g6 4. Bg2 Bg7 5. d3 d6 6. f4 e6 7. Nf3 Nge7 8. O-O
O-O 9. Be3 Nd4 10. e5 dxe5 11. Nxe5 Rb8 12. Ne4 b6 13. a3 Bb7 14. Rb1 Rc8 15.
Nf6+ Bxf6 16. Bxb7 Rc7 17. Be4 Bg7 18. g4 f5 19. Bg2 fxg4 20. c3 Ndf5 21. Bf2
h5 22. Qb3 Qc8 23. Be4 Bxe5 24. fxe5 Kg7 25. Rbd1 h4 26. d4 g3 27. hxg3 hxg3
28. Be1 Ne3 29. Bxg3 Rxf1+ 30. Rxf1 Nxf1 31. Kxf1 cxd4 32. cxd4 Rc1+ 33. Kg2
Nf5 34. Bf4 Qc4 35. Qf3 Nh4+ 0-1

[Event "C.to Provinciale MB"]
[Site "Barlassina ITA"]
[Date "2013.02.??"]
[Round "4"]
[White "Lapiccirella, Daniele"]
[Black "Vezzosi, Paolo"]
[WhiteElo "2193"]
[BlackElo "2287"]
[Result "0-1"]
[PlyCount "68"]
[EventDate "2013.02.01"]

1. d4 Nf6 2. c4 g6 3. Nc3 Bg7 4. e4 d6 5. f3 Nc6 6. Nge2 a6 7. Be3 Bd7 8. Rb1
O-O 9. b4 e5 10. b5 Na5 11. Nc1 axb5 12. cxb5 exd4 13. Bxd4 Be6 14. Be2 c5 15.
bxc6 bxc6 16. O-O c5 17. Bf2 Ng4 18. fxg4 Bxc3 19. Qc2 Be5 20. Nd3 Nc6 21. Nxe5
Nxe5 22. Rb2 Bxg4 23. Bg3 Bxe2 24. Qxe2 Qe7 25. Rd2 Ra4 26. Rfd1 Nc4 27. Bxd6
Nxd6 28. Rxd6 Rxe4 29. Qf2 Re2 30. Qg3 Rxa2 31. h3 Rc2 32. Qd3 Re2 33. Qd5 Qe3+
34. Kh1 Re8 0-1

[Event "C.to Provinciale MB"]
[Site "Barlassina ITA"]
[Date "2013.02.??"]
[Round "4"]
[White "Pino, Nicola"]
[Black "Confalonieri, Luca"]
[WhiteElo "1792"]
[BlackElo "1636"]
[Result "0-1"]
[PlyCount "106"]
[EventDate "2013.02.01"]

1. e4 e5 2. Nf3 Nc6 3. Bc4 Nf6 4. Nc3 Bc5 5. O-O d6 6. h3 Be6 7. Nd5 Qd7 8. d3
Nh5 9. a3 a6 10. Be3 Bxe3 11. fxe3 Ne7 12. Nxe5 dxe5 13. Qxh5 Ng6 14. Qf3 O-O
15. Rad1 f5 16. exf5 Rxf5 17. Qe4 Raf8 18. g4 R5f7 19. d4 Rxf1+ 20. Rxf1 Rxf1+
21. Kxf1 Qf7+ 22. Ke2 c6 23. Nb6 Bxc4+ 24. Nxc4 Qxc4+ 25. Qd3 Qxd3+ 26. Kxd3
exd4 27. Kxd4 b6 28. a4 Kf7 29. a5 bxa5 30. Kc5 Ne7 31. Kd6 a4 32. e4 Nc8+ 33.
Kxc6 Ke6 34. Kb7 Nd6+ 35. Kxa6 Nc4 36. Kb5 Nxb2 37. Kb4 a3 38. Kxa3 Nc4+ 39.
Kb4 Nd6 40. c4 Nxe4 41. Kb5 Kd6 42. Kb6 Nc5 43. h4 Nd7+ 44. Kb5 Kc7 45. c5 Ne5
46. g5 Nf3 47. Kc4 Nxh4 48. Kd5 Nf3 49. Ke6 Nxg5+ 50. Kf5 h6 51. Kg6 Kc6 52.
Kxg7 h5 53. Kg6 h4 0-1

[Event "C.to Provinciale MB"]
[Site "Barlassina ITA"]
[Date "2013.02.??"]
[Round "4"]
[White "Regorda, Vittorio"]
[Black "Frigerio, Roberto"]
[WhiteElo "1812"]
[BlackElo "1629"]
[Result "0-1"]
[PlyCount "118"]
[EventDate "2013.02.01"]

1. d4 Nf6 2. c4 e6 3. Nf3 d5 4. g3 Be7 5. Bg2 O-O 6. Nbd2 c5 7. cxd5 exd5 8.
O-O c4 9. Rb1 Bf5 10. Ra1 Nc6 11. a3 b5 12. e3 Bd3 13. Re1 Qa5 14. Bf1 Nb4 15.
Bxd3 Nxd3 16. Rf1 Nb4 17. Ne5 Rac8 18. Ndf3 Nc6 19. Bd2 Qc7 20. Nxc6 Qxc6 21.
Ne5 Qc7 22. Rc1 Ne4 23. f3 Nxd2 24. Qxd2 f6 25. Ng4 Bd6 26. f4 Qd7 27. Nf2 f5
28. Nd1 Rfe8 29. Re1 Rb8 30. Qg2 Bc7 31. Re2 a5 32. Rec2 b4 33. a4 Rbd8 34. b3
c3 35. Re2 Qf7 36. Nf2 Bb6 37. Nd3 Bc7 38. Rf1 Re4 39. Qf3 Bd6 40. Rd1 Rde8 41.
Rde1 Qc7 42. Nf2 c2 43. Rc1 Qc3 44. Nxe4 dxe4 45. Qf2 Qxb3 46. Rexc2 Qxa4 47.
Rc8 Rxc8 48. Rxc8+ Bf8 49. Qc2 Qxc2 50. Rxc2 a4 51. Kf1 Kf7 52. Ke1 a3 53. Rc7+
Ke6 54. Kd1 b3 55. Kc1 Kd5 56. Ra7 Kc4 57. d5 Kc3 58. d6 a2 59. Kd1 Kb2 0-1

[Event "C.to Provinciale MB"]
[Site "Barlassina ITA"]
[Date "2013.02.??"]
[Round "4"]
[White "Sala, Pierluigi"]
[Black "Squillante, Michele"]
[WhiteElo "1454"]
[BlackElo "1739"]
[Result "0-1"]
[PlyCount "62"]
[EventDate "2013.02.01"]

1. d4 Nf6 2. Nf3 g6 3. g3 c6 4. Bg2 d5 5. O-O Bg7 6. c3 O-O 7. Re1 Bg4 8. Nbd2
Qc8 9. e4 dxe4 10. Nxe4 Nxe4 11. Rxe4 Re8 12. Qb3 Be6 13. c4 Bf5 14. Re1 Nd7
15. Bf4 Nf6 16. Be5 Ng4 17. Bxg7 Kxg7 18. d5 cxd5 19. cxd5 Qd7 20. h3 Nf6 21.
Ne5 Qc7 22. g4 Be4 23. d6 exd6 24. Rac1 Qe7 25. Nxf7 Qxf7 26. Qxf7+ Kxf7 27.
Rc7+ Kg8 28. g5 Bxg2 29. gxf6 Rxe1+ 30. Kxg2 Re6 31. Rg7+ Kh8 0-1

[Event "C.to Provinciale MB"]
[Site "Barlassina ITA"]
[Date "2013.02.??"]
[Round "5"]
[White "Capata, Ion"]
[Black "Burani, Eugenio"]
[WhiteElo "2136"]
[BlackElo "1860"]
[Result "1-0"]
[PlyCount "73"]
[EventDate "2013.02.01"]

1. e4 c5 2. c3 Nf6 3. e5 Nd5 4. d4 cxd4 5. Nf3 Nc6 6. cxd4 d6 7. Bc4 e6 8. O-O
Be7 9. Bxd5 exd5 10. Nc3 dxe5 11. dxe5 Be6 12. Bf4 a6 13. Qd2 d4 14. Ne4 Qd5
15. Qd3 O-O 16. a3 f6 17. exf6 Bxf6 18. Rac1 Be7 19. Bg3 Bg4 20. Nfd2 b5 21. f3
Bf5 22. Qb3 Be6 23. Qxd5 Bxd5 24. Rfd1 Na5 25. Rc7 Bf6 26. Nxf6+ Rxf6 27. Be5
Rg6 28. Bxd4 Nc4 29. Nxc4 Bxc4 30. Re1 Be6 31. Bxg7 Bh3 32. Re2 Rd8 33. Bc3
Rd1+ 34. Be1 Rxg2+ 35. Rxg2+ Bxg2 36. Kxg2 Rxe1 37. Rc2 1-0

[Event "C.to Provinciale MB"]
[Site "Barlassina ITA"]
[Date "2013.02.??"]
[Round "5"]
[White "Confalonieri, Luca"]
[Black "Lapiccirella, Daniele"]
[WhiteElo "1636"]
[BlackElo "2193"]
[Result "0-1"]
[PlyCount "58"]
[EventDate "2013.02.01"]

1. e4 c5 2. Nf3 e6 3. d4 cxd4 4. Nxd4 Nc6 5. Nc3 a6 6. Bc4 Qc7 7. Bb3 b5 8. a3
Bb7 9. Be3 Na5 10. O-O Nf6 11. Qd3 Ng4 12. g3 Nxe3 13. Qxe3 Bc5 14. Rfd1 O-O
15. Ba2 e5 16. Qd3 exd4 17. Nd5 Bxd5 18. Bxd5 Nc6 19. b4 Bb6 20. f4 Rac8 21.
Rf1 Ne7 22. Bb3 Qc3 23. Rf3 Qxa1+ 24. Kg2 Rc3 25. Qe2 Rxf3 26. Qxf3 Qc3 27. Qe2
d3 28. Qxd3 Qxd3 29. cxd3 Rc8 0-1

[Event "C.to Provinciale MB"]
[Site "Barlassina ITA"]
[Date "2013.02.??"]
[Round "5"]
[White "Greco, Umberto"]
[Black "Conta, Diego"]
[WhiteElo "1702"]
[BlackElo "1678"]
[Result "1/2-1/2"]
[PlyCount "75"]
[EventDate "2013.02.01"]

1. c4 Nf6 2. Nf3 d5 3. cxd5 Nxd5 4. Nc3 Nxc3 5. bxc3 g6 6. g3 Bg7 7. Bg2 O-O 8.
O-O c5 9. Rb1 Nc6 10. c4 Qc7 11. d3 e5 12. Be3 b6 13. Nd2 Bb7 14. Ne4 Nd4 15.
Nc3 Bxg2 16. Kxg2 f5 17. Nd5 Qd6 18. Bxd4 exd4 19. Qd2 Rae8 20. Rfe1 h6 21. a4
g5 22. a5 Rb8 23. axb6 axb6 24. Rb5 f4 25. Reb1 Qe5 26. Nxb6 Qf5 27. Nd5 f3+
28. exf3 Qxf3+ 29. Kg1 Rbe8 30. Rf1 Re2 31. Qd1 Rxf2 32. Qxf3 R2xf3 33. Rxf3
Rxf3 34. Rb3 g4 35. Nf4 Be5 36. Nd5 h5 37. Kg2 Rf7 38. Rb1 1/2-1/2

[Event "C.to Provinciale MB"]
[Site "Barlassina ITA"]
[Date "2013.02.??"]
[Round "5"]
[White "Megna, Giuseppe"]
[Black "Ronconi, Fausto"]
[WhiteElo "1862"]
[BlackElo "1697"]
[Result "1-0"]
[PlyCount "63"]
[EventDate "2013.02.01"]

1. d4 d5 2. c4 e6 3. Nf3 Nf6 4. Bg5 Be7 5. Nc3 O-O 6. e3 Nbd7 7. Bd3 dxc4 8.
Bxc4 b6 9. Rc1 c5 10. O-O Bb7 11. Qe2 Rc8 12. Bb5 Ne4 13. Bf4 Ndf6 14. dxc5
Nxc3 15. bxc3 Rxc5 16. Rfd1 Qc8 17. c4 a6 18. Ba4 Bxf3 19. gxf3 Nd5 20. Bg3 b5
21. Bb3 a5 22. e4 Nb6 23. Bd6 Bxd6 24. Rxd6 Nxc4 25. Bxc4 bxc4 26. Rc3 Qb8 27.
Qd2 Qc7 28. f4 h6 29. Qd4 Rc6 30. Rg3 f6 31. Rd7 Qxf4 32. Rgxg7+ 1-0

[Event "C.to Provinciale MB"]
[Site "Barlassina ITA"]
[Date "2013.02.??"]
[Round "5"]
[White "Monticelli, Francesco"]
[Black "Sala, Pierluigi"]
[WhiteElo "1738"]
[BlackElo "1454"]
[Result "1-0"]
[PlyCount "81"]
[EventDate "2013.02.01"]

1. e4 e5 2. Nf3 Nc6 3. Bc4 h6 4. c3 Nf6 5. d3 Be7 6. O-O O-O 7. Be3 Na5 8. Nxe5
d6 9. Nf3 Nxc4 10. dxc4 Nxe4 11. Re1 b6 12. Qd5 Rb8 13. Qxe4 Bb7 14. Qg4 f5 15.
Qh5 f4 16. Bd2 Qd7 17. Nd4 Bg5 18. Na3 Rf6 19. Qe2 c5 20. Nf3 Qc6 21. Rad1 Rbf8
22. Bc1 Rf5 23. Qe6+ R5f7 24. Rxd6 Qc8 25. Qxc8 Rxc8 26. Nxg5 hxg5 27. Rde6 Kh7
28. Nb5 Rd8 29. Nd6 Rfd7 30. Nxb7 Rxb7 31. f3 Rbd7 32. h4 gxh4 33. Bxf4 Rf8 34.
R6e4 Rdf7 35. Bd6 Rd8 36. Rxh4+ Kg8 37. Bf4 Rf5 38. Rg4 Kf7 39. Be3 Re8 40. Kf2
Rfe5 41. Bd2 1-0

[Event "C.to Provinciale MB"]
[Site "Barlassina ITA"]
[Date "2013.02.??"]
[Round "5"]
[White "Regorda, Vittorio"]
[Black "Cavalieri, Riccardo"]
[WhiteElo "1812"]
[BlackElo "1694"]
[Result "1/2-1/2"]
[PlyCount "93"]
[EventDate "2013.02.01"]

1. d4 Nf6 2. c4 g6 3. g3 d5 4. cxd5 Nxd5 5. Bg2 Nb6 6. Nf3 Nc6 7. O-O Bg4 8. e3
Bg7 9. h3 Bxf3 10. Qxf3 e6 11. Nc3 Rb8 12. a3 a5 13. Rb1 O-O 14. Rd1 Ne7 15.
Ne4 c6 16. Bd2 Nc4 17. Be1 a4 18. Bb4 b6 19. Bf1 Na5 20. Rdc1 Ra8 21. Nf6+ Bxf6
22. Qxf6 Re8 23. Bg2 Qc7 24. e4 Nb3 25. Bc3 Nxc1 26. Rxc1 Nc8 27. e5 Na7 28.
Bb4 Rac8 29. Bd6 Qd8 30. Qf4 Qd7 31. g4 Nb5 32. Bb4 Nxd4 33. Qe4 Qd5 34. Qe3
Qd7 35. Rd1 c5 36. Bc3 Red8 37. Rd2 Rc7 38. h4 Rcc8 39. h5 b5 40. h6 Rc7 41.
Qf4 Qe7 42. g5 Rcd7 43. Ba5 Rb8 44. Bc3 Rbd8 45. Ba5 Rb8 46. Bc3 Kf8 47. Kh2
1/2-1/2

[Event "C.to Provinciale MB"]
[Site "Barlassina ITA"]
[Date "2013.02.??"]
[Round "5"]
[White "Vezzosi, Paolo"]
[Black "Squillante, Michele"]
[WhiteElo "2287"]
[BlackElo "1739"]
[Result "1-0"]
[PlyCount "67"]
[EventDate "2013.02.01"]

1. Nf3 Nf6 2. c4 g6 3. Nc3 d6 4. d4 Bg7 5. e4 O-O 6. Be2 Nc6 7. d5 Ne5 8. Nxe5
dxe5 9. Be3 a6 10. O-O e6 11. Rc1 Ne8 12. Qd2 f5 13. Rfd1 f4 14. Bc5 Nd6 15. f3
b6 16. Ba3 Rf7 17. c5 bxc5 18. Bxc5 Bf8 19. Bf2 g5 20. Qc2 Qf6 21. dxe6 Bxe6
22. Nd5 Bxd5 23. Rxd5 Rg7 24. Rc5 Ne8 25. Rc6 Bd6 26. Rxa6 Rxa6 27. Qc4+ Kf8
28. Qxa6 h5 29. Qc8 Qg6 30. a4 g4 31. a5 g3 32. hxg3 fxg3 33. Be3 h4 34. a6 1-0

[Event "XIV C.to Europeo"]
[Site "Legnica POL"]
[Date "2013.05.06"]
[Round "2"]
[White "Krnic, Ivan"]
[Black "Caprio, Guido"]
[WhiteElo "2166"]
[BlackElo "2413"]
[Result "0-1"]
[PlyCount "74"]
[EventDate "2013.05.05"]

1. e4 c5 2. Nc3 a6 3. g3 b5 4. Bg2 Bb7 5. d3 e6 6. Nh3 Nf6 7. O-O b4 8. Ne2 Be7
9. Nef4 Qc7 10. Nh5 O-O 11. f4 Nxh5 12. Qxh5 f5 13. Be3 Nc6 14. c3 Rab8 15. c4
Qd6 16. Nf2 a5 17. Rad1 a4 18. Qe2 Ra8 19. e5 Qc7 20. Rd2 b3 21. a3 Rae8 22.
Rfd1 d6 23. d4 cxd4 24. Bxd4 dxe5 25. Bxe5 Nxe5 26. Bxb7 Qxb7 27. fxe5 Bc5 28.
Rd7 Qe4 29. Kf1 Qc6 30. Qh5 Re7 31. Rd8 Ref7 32. Qh4 Qf3 33. Qf4 Qc6 34. h4 h6
35. Rxf8+ Rxf8 36. h5 Rc8 37. Ke2 Be7 0-1

[Event "XXXV C.to Italiano Seniores"]
[Site "Arco ITA"]
[Date "2013.04.12"]
[Round "1"]
[White "Albano, Marco"]
[Black "Bonollo, Sergio"]
[WhiteElo "2235"]
[BlackElo "1821"]
[Result "1-0"]
[PlyCount "97"]
[EventDate "2013.04.12"]

1. d4 Nf6 2. Nf3 d5 3. Bf4 g6 4. e3 Bg7 5. Bd3 O-O 6. O-O c6 7. h3 Qb6 8. Qc1
Nbd7 9. Nbd2 c5 10. c3 c4 11. Bc2 Qc6 12. Ne5 Nxe5 13. Bxe5 a6 14. Re1 Ne4 15.
Bxg7 Kxg7 16. f3 Nd6 17. e4 e6 18. g4 f5 19. e5 Nb5 20. Kg2 Bd7 21. Rh1 Rf7 22.
Qe1 Raf8 23. g5 Qc8 24. h4 Qd8 25. f4 Rh8 26. h5 Nc7 27. Qg3 Qg8 28. Rh3 Kf8
29. Rah1 Rg7 30. hxg6 Rxg6 31. Qh2 Rg7 32. Rh6 Be8 33. Nf3 Ke7 34. Kf2 Kd8 35.
Nh4 b5 36. Ke3 Kc8 37. Nxf5 exf5 38. Bxf5+ Bd7 39. Bxh7 Rhxh7 40. Rxh7 Rxh7 41.
Qxh7 Qe6 42. Rh4 Be8 43. f5 Qb6 44. Qe7 Qa5 45. Rh7 Qb6 46. g6 a5 47. Qxc7+
Qxc7 48. Rxc7+ Kxc7 49. e6 1-0

[Event "XXXV C.to Italiano Seniores"]
[Site "Arco ITA"]
[Date "2013.04.12"]
[Round "1"]
[White "Antonelli, Fabrizio"]
[Black "Catalfamo, Santo"]
[WhiteElo "2015"]
[BlackElo "1748"]
[Result "1-0"]
[PlyCount "95"]
[EventDate "2013.04.12"]

1. e4 b6 2. Nf3 Bb7 3. Nc3 e6 4. Be2 Be7 5. O-O Nf6 6. d3 O-O 7. e5 Nd5 8. Ne4
c5 9. c4 Nb4 10. Bg5 Bxe4 11. Bxe7 Qxe7 12. dxe4 N8c6 13. a3 Na6 14. Qd2 Rad8
15. Rfd1 f6 16. Qd6 Qf7 17. exf6 Qxf6 18. e5 Qf7 19. Bd3 Qf4 20. Rf1 Rf7 21.
Rae1 Ne7 22. Re4 Nf5 23. Qxb6 Qxh2+ 24. Kxh2 axb6 25. Rf4 h6 26. Rd1 Nb8 27. g4
g5 28. Re4 Ne7 29. Kg3 Rdf8 30. Re3 Kg7 31. Be4 Ng6 32. Rd2 Rc8 33. Rd6 Nc6 34.
Bxc6 Rxc6 35. Rxc6 dxc6 36. Rd3 Rc7 37. Rb3 Rb7 38. Kg2 Nf4+ 39. Kf1 b5 40. Ke1
Rd7 41. cxb5 c4 42. bxc6 Rc7 43. Rb7 Nd5 44. Nd4 Kf7 45. Kd2 Ke7 46. Nb5 Kd8
47. Nxc7 Nxc7 48. Kc3 1-0

[Event "XXXV C.to Italiano Seniores"]
[Site "Arco ITA"]
[Date "2013.04.12"]
[Round "1"]
[White "Bisignano, Giuseppe"]
[Black "Micheli, Carlo"]
[WhiteElo "1884"]
[BlackElo "2297"]
[Result "0-1"]
[PlyCount "124"]
[EventDate "2013.04.12"]

1. e4 c5 2. Nf3 e6 3. d4 cxd4 4. Nxd4 Qb6 5. Nc3 Bc5 6. Be3 Nc6 7. Ncb5 Nf6 8.
Nxc6 Bxe3 9. fxe3 bxc6 10. Nd6+ Ke7 11. Nc4 Qc5 12. e5 Nd5 13. Qh5 Ba6 14.
O-O-O Bxc4 15. Qh4+ f6 16. exf6+ Nxf6 17. Bxc4 d5 18. Bb3 a5 19. Rd3 Rhb8 20.
Rc3 Qd6 21. a4 Rb4 22. Qg3 Qxg3 23. hxg3 Kd6 24. Rd3 Rab8 25. Rh4 R4b7 26. Ba2
g5 27. Rh3 Ne4 28. Rb3 Rf8 29. Rh1 Rbf7 30. Rd1 Rf1 31. Rb7 Rxd1+ 32. Kxd1 Rf1+
33. Ke2 Rf2+ 34. Kd1 h5 35. Rh7 Nxg3 36. b4 Ne4 37. bxa5 Nc5 38. Rxh5 Rxg2 39.
Bb3 g4 40. Rg5 g3 41. Ke1 Ne4 42. Rg7 Rh2 43. a6 Rh8 44. a7 Ra8 45. Kf1 c5 46.
a5 Nc3 47. Rb7 c4 48. Kg2 cxb3 49. cxb3 Ne4 50. b4 Kc6 51. a6 Nc3 52. Kxg3 Nb5
53. Kf4 Rxa7 54. Rxa7 Nxa7 55. Ke5 Kd7 56. Kd4 Kd6 57. Kc3 e5 58. Kb3 Kc6 59.
Ka4 Kb6 60. b5 Nxb5 61. Kb4 Na7 62. Ka4 Kxa6 0-1

[Event "XXXV C.to Italiano Seniores"]
[Site "Arco ITA"]
[Date "2013.04.12"]
[Round "1"]
[White "Bortolotti, Silvano"]
[Black "Barlocco, Carlo"]
[WhiteElo "1778"]
[BlackElo "2094"]
[Result "1-0"]
[PlyCount "47"]
[EventDate "2013.04.12"]

1. e4 e5 2. Nf3 Nc6 3. d4 exd4 4. Bc4 d6 5. Nxd4 Nf6 6. Nc3 Be7 7. O-O O-O 8.
Nxc6 bxc6 9. Bd3 Bd7 10. h3 Re8 11. f4 Bf8 12. Re1 Qb8 13. b3 g6 14. Bb2 Bg7
15. Qf3 Qb7 16. Rab1 c5 17. Nd5 Nxd5 18. Bxg7 Nxf4 19. Bb2 Ne6 20. Bc4 Rf8 21.
Qf6 Nd4 22. Bc1 d5 23. Bh6 Ne6 24. exd5 1-0

[Event "XXXV C.to Italiano Seniores"]
[Site "Arco ITA"]
[Date "2013.04.12"]
[Round "1"]
[White "Brioschi, Camillo"]
[Black "Bonfa', Ileano"]
[WhiteElo "1793"]
[BlackElo "2171"]
[Result "1/2-1/2"]
[PlyCount "41"]
[EventDate "2013.04.12"]

1. d4 Nf6 2. c4 g6 3. Nc3 d5 4. Bf4 Bg7 5. e3 O-O 6. Rc1 c6 7. Nf3 dxc4 8. Bxc4
Nbd7 9. h3 Nb6 10. Bb3 Nbd5 11. Bh2 Nxc3 12. bxc3 Bf5 13. Nd2 Ne4 14. Nxe4 Bxe4
15. f3 Bd5 16. c4 Qa5+ 17. Qd2 Qxd2+ 18. Kxd2 Be6 19. Rhd1 Rad8 20. Ke2 Bc8 21.
Kf2 1/2-1/2

[Event "XXXV C.to Italiano Seniores"]
[Site "Arco ITA"]
[Date "2013.04.13"]
[Round "1"]
[White "Carrozza, Gregorio"]
[Black "Blasco, Domenico"]
[WhiteElo "1645"]
[BlackElo "1933"]
[Result "0-1"]
[PlyCount "74"]
[EventDate "2013.04.12"]

1. e4 g6 2. Nf3 Bg7 3. d4 d6 4. Be2 a6 5. c4 c6 6. Nc3 b5 7. O-O Nf6 8. e5 dxe5
9. Nxe5 Nfd7 10. Nxd7 Qxd7 11. Be3 O-O 12. Bf3 bxc4 13. Na4 Qc7 14. Rc1 Be6 15.
Qd2 Nd7 16. b3 Bd5 17. bxc4 Bxf3 18. gxf3 Rab8 19. Rfd1 f5 20. Bf4 e5 21. dxe5
Bxe5 22. Bxe5 Nxe5 23. Kg2 Rbd8 24. Qf4 Qg7 25. Nc5 g5 26. Qe3 Rde8 27. Qc3 f4
28. h3 h5 29. Kh1 Qf6 30. Ne4 Qf5 31. Nxg5 Rf6 32. Rg1 Rg6 33. Qc2 Nd3 34. Kh2
Kf8 35. Nh7+ Ke7 36. Rce1+ Nxe1 37. Qxf5 Nxf3+ 0-1

[Event "XXXV C.to Italiano Seniores"]
[Site "Arco ITA"]
[Date "2013.04.12"]
[Round "1"]
[White "D'Aulisa, Francesco"]
[Black "Guaglianone, Mario"]
[WhiteElo "1730"]
[BlackElo "1986"]
[Result "0-1"]
[PlyCount "92"]
[EventDate "2013.04.12"]

1. c4 Nf6 2. Nc3 e5 3. g3 Nc6 4. Bg2 Be7 5. e3 O-O 6. Nge2 d6 7. O-O Be6 8. d3
Qd7 9. f4 Bh3 10. Rf2 Bxg2 11. Rxg2 d5 12. a3 Rad8 13. Qc2 dxc4 14. dxc4 a6 15.
b4 Qd3 16. Qxd3 Rxd3 17. h3 exf4 18. gxf4 Rfd8 19. Kf2 Bf8 20. Bb2 Rd2 21. Rb1
g6 22. Kf3 Bg7 23. Ng3 Rxg2 24. Kxg2 Ne7 25. Nce4 Nxe4 26. Nxe4 Bxb2 27. Rxb2
Nf5 28. Rb3 b6 29. Nf6+ Kg7 30. Nd5 Rd7 31. Kf3 b5 32. Ke4 Nd6+ 33. Kd4 bxc4
34. Rb1 Nb5+ 35. Kc5 Rxd5+ 36. Kxd5 Nc3+ 37. Kxc4 Nxb1 38. a4 Kf6 39. e4 Ke7
40. Kd3 Na3 41. Kc3 Kd6 42. Kb3 Nb5 43. axb5 axb5 44. Kc3 c5 45. e5+ Kd5 46.
bxc5 Kxc5 0-1

[Event "XXXV C.to Italiano Seniores"]
[Site "Arco ITA"]
[Date "2013.04.12"]
[Round "1"]
[White "Facchetti, Gianni"]
[Black "Vaselli, Luciano"]
[WhiteElo "2075"]
[BlackElo "1778"]
[Result "1-0"]
[PlyCount "99"]
[EventDate "2013.04.12"]

1. e4 c6 2. d4 d5 3. f3 e6 4. Nc3 g6 5. Be3 Bg7 6. Nge2 Nd7 7. Qd2 a5 8. a4 b6
9. Nc1 Ne7 10. Be2 O-O 11. O-O Nf6 12. Nd3 Ba6 13. Rad1 Rc8 14. Nf2 Bxe2 15.
Qxe2 Qc7 16. e5 Nd7 17. Bg5 Rfe8 18. Qd2 Qb7 19. Ng4 Kh8 20. Nh6 Bxh6 21. Bxh6
Ng8 22. Bg5 f6 23. exf6 Ndxf6 24. Rfe1 Qf7 25. Re2 Rc7 26. Bf4 Rce7 27. Be5 h6
28. Rde1 Kh7 29. Qf4 g5 30. Qd2 Kg7 31. Qd3 h5 32. Nd1 Nh6 33. Nf2 Nf5 34. g4
Nh6 35. h3 Qg6 36. Bd6 Qxd3 37. Nxd3 Rd7 38. Ba3 hxg4 39. hxg4 b5 40. axb5 cxb5
41. Bc5 Rc7 42. Rxe6 Rxe6 43. Rxe6 Nf7 44. Ra6 Nd7 45. Rxa5 Nxc5 46. dxc5 Rb7
47. Kf2 Nd8 48. Nb4 d4 49. c6 Rc7 50. Rxb5 1-0

[Event "XXXV C.to Italiano Seniores"]
[Site "Arco ITA"]
[Date "2013.04.12"]
[Round "1"]
[White "Galas, Franco"]
[Black "Gardi, Giuseppe"]
[WhiteElo "1736"]
[BlackElo "1999"]
[Result "0-1"]
[PlyCount "112"]
[EventDate "2013.04.12"]

1. e4 d6 2. Nc3 Nf6 3. Bc4 g6 4. h3 Bg7 5. d3 O-O 6. a3 e5 7. Bg5 h6 8. Bd2 c6
9. Nf3 b5 10. Ba2 a5 11. Ne2 Nbd7 12. Nh2 d5 13. exd5 cxd5 14. Ng4 Kh7 15. Qc1
Ng8 16. Bxd5 Rb8 17. Ba2 Bb7 18. f3 Qh4+ 19. Nf2 Qd8 20. Ng3 Qc7 21. h4 Rbc8
22. c3 h5 23. Nge4 Ndf6 24. g4 Bxe4 25. Nxe4 Nxe4 26. fxe4 Nf6 27. gxh5 Nxh5
28. Qc2 Qd7 29. O-O-O b4 30. axb4 axb4 31. c4 Ra8 32. b3 Qa7 33. Kb1 Qc5 34.
Rde1 Ra3 35. Be3 Qc6 36. Rh2 Rfa8 37. Qd1 Qa6 38. Ree2 Kg8 39. Bc1 Ra5 40. Qe1
Qd6 41. Qd1 Rd8 42. Rd2 Bh6 43. Rdf2 Bxc1 44. Kxc1 Qd4 45. Rd2 Rda8 46. Kb1
R5a7 47. Qc1 Qc5 48. Qd1 Rd8 49. Rhg2 Kh7 50. Rg5 Rd6 51. Rdg2 Nf4 52. Rd2 Rad7
53. h5 Rxd3 54. hxg6+ fxg6 55. Qh1+ Kg7 56. Rh2 Rd1+ 0-1

[Event "XXXV C.to Italiano Seniores"]
[Site "Arco ITA"]
[Date "2013.04.12"]
[Round "1"]
[White "Garvani, Vittorio"]
[Black "Di Cicco, Daniela"]
[WhiteElo "1898"]
[BlackElo "1462"]
[Result "1-0"]
[PlyCount "45"]
[EventDate "2013.04.12"]

1. d4 d5 2. Nf3 Nf6 3. e3 e6 4. Bd3 Be7 5. O-O O-O 6. Nbd2 c5 7. c3 cxd4 8.
exd4 b6 9. Ne5 Bb7 10. Ndf3 h6 11. Re1 Ne4 12. Nd2 Nxd2 13. Bxd2 Nd7 14. Nxd7
Qxd7 15. Qg4 g5 16. h4 f5 17. Qh5 Kh7 18. hxg5 Bxg5 19. Bxg5 Qg7 20. Rxe6 Qxg5
21. Qxg5 hxg5 22. Re7+ Kh8 23. Rxb7 1-0

[Event "XXXV C.to Italiano Seniores"]
[Site "Arco ITA"]
[Date "2013.04.12"]
[Round "1"]
[White "Iudicello, Giovanni"]
[Black "Zangrando, Gianpietro"]
[WhiteElo "2127"]
[BlackElo "1784"]
[Result "1-0"]
[PlyCount "109"]
[EventDate "2013.04.12"]

1. e4 e6 2. Qe2 b6 3. f4 Ba6 4. d3 Nc6 5. Nf3 Nf6 6. Nc3 Be7 7. g3 O-O 8. Bg2
Bc5 9. e5 Ng4 10. Ne4 d5 11. Nxc5 bxc5 12. O-O Nh6 13. Be3 Qe7 14. Bf2 Rab8 15.
b3 Nf5 16. c3 c4 17. dxc4 dxc4 18. b4 Rfd8 19. g4 Nh6 20. Bh4 f6 21. g5 Nf5 22.
gxf6 Qe8 23. f7+ Kxf7 24. Bxd8 Rxd8 25. a4 Bb7 26. Rad1 Kg8 27. Rxd8 Nxd8 28.
Rd1 Bd5 29. Nd4 Nxd4 30. Rxd4 Qg6 31. Rd2 Nc6 32. Kf1 Ne7 33. Bxd5 Nxd5 34. Qf3
Qb1+ 35. Ke2 c6 36. b5 cxb5 37. Rxd5 exd5 38. Qxd5+ Kf8 39. Qd6+ Ke8 40. Qe6+
Kd8 41. Qd6+ Ke8 42. Qe6+ Kd8 43. Qd5+ Kc8 44. axb5 Qc2+ 45. Qd2 Qe4+ 46. Kf2
Qh1 47. Ke3 Qg1+ 48. Ke4 Qb1+ 49. Ke3 Qxb5 50. Qd4 a5 51. e6 a4 52. e7 Qe8 53.
Qxc4+ Kb7 54. Qd5+ Kb6 55. Qd8+ 1-0